| 000 | 00465nam a2200169Ia 4500 | ||
|---|---|---|---|
| 020 | _a0709906196(hb) | ||
| 082 |
_a947 _bBEN |
||
| 100 |
_aBennigsen, Alexandre _96695 |
||
| 245 | _aThe Islamic threat to the Soviet state | ||
| 260 |
_aLondon: _bCroom Helm, _c1983 |
||
| 300 | _a170p | ||
| 526 |
_a0 _b0 _c0 _d947_000000000000000_BEN |
||
| 650 |
_aIslam -- Soviet Union _949023 |
||
| 650 |
_aMCE _9379 |
||
| 650 |
_aMuslims in Soviet Union _949024 |
||
| 942 |
_2ddc _cBK |
||
| 999 |
_c551861 _d551861 |
||